[Event "ICS Rated standard match"]
[Site "204.178.125.65"]
[Date "2001.09.20"]
[Round "?"]
[White "ChesterX"]
[Black "Hossa"]
[Result "1/2-1/2"]
[WhiteElo "2537"]
[BlackElo "2349"]
[PlyCount "330"]
[EventDate "2001.??.??"]

1. e4 e5 2. Nf3 Nc6 3. d4 exd4 4. Nxd4 Bc5 5. Nxc6 Qf6 6. Qf3 dxc6 7. Qf4 Be6
8. Be2 Bd6 9. Qe3 Nh6 10. O-O O-O 11. Qg5 Ng4 12. Bxg4 Qxg5 13. Bxg5 Bxg4 14.
Nd2 f6 15. Be3 Rfd8 16. Nb3 Be2 17. Rfe1 Bc4 18. Na5 Ba6 19. Nb3 b6 20. Rad1
Rd7 21. Rd2 c5 22. Red1 Rad8 23. f3 Bb5 24. g3 g5 25. h4 gxh4 26. gxh4 Rg7+ 27.
Kh1 Kf7 28. Bf4 Rdg8 29. Bh2 Be5 30. Rf2 Ke6 31. c3 h6 32. Nd2 Bd6 33. c4 Ba4
34. b3 Be8 35. Nf1 Bh5 36. Ne3 Bg3 37. Rff1 Bxh2 38. Kxh2 Rg3 39. Rd8 c6 40.
Rxg8 Rxg8 41. Nf5 Ke5 42. f4+ Ke6 43. Nxh6 Rh8 44. Nf5 Bg6 45. Ne3 Bxe4 46. f5+
Ke7 47. Kg3 b5 48. Rd1 bxc4 49. bxc4 a6 50. Kg4 Rb8 51. h5 Rb1 52. h6 Rxd1 53.
Nxd1 Kf8 54. Nf2 Bb1 55. a4 Kg8 56. Kf4 Ba2 57. Ne4 Kh7 58. Nxf6+ Kxh6 59. Ke5
Bxc4 60. Nd7 Kg7 61. a5 Kf7 62. Nxc5 Ke7 63. f6+ Kf7 64. Kf5 Bf1 65. Nb7 Bg2
66. Nd8+ Ke8 67. Kg6 Bd5 68. Nb7 Kf8 69. Nc5 Bf7+ 70. Kg5 Bc4 71. Nd7+ Ke8 72.
Nb8 Kf7 73. Nxc6 Ke6 74. Nb4 Kf7 75. Kf5 Bb5 76. Ke5 Bc4 77. Nc6 Kg6 78. Ne7+
Kf7 79. Nc8 Bb3 80. Nd6+ Kg6 81. Nb7 Kf7 82. Nc5 Bc4 83. Kf5 Kg8 84. Ne4 Kh7
85. Nd6 Bb3 86. Ke4 Kg6 87. Ke5 Bg8 88. Nc8 Bc4 89. Nb6 Bb3 90. Na8 Bc4 91. Nc7
Kf7 92. Kf5 Bd3+ 93. Kg5 Bc4 94. Na8 Bd3 95. Nb6 Ke6 96. Nd5 Kf7 97. Nf4 Be4
98. Ne2 Bb1 99. Nd4 Be4 100. Kf4 Bd3 101. Ke5 Bc4 102. Nf5 Kg6 103. Ng3 Bb3
104. Ne2 Bc4 105. Nf4+ Kf7 106. Nh3 Kg6 107. Nf2 Ba2 108. Ng4 Bb3 109. Ne3 Kf7
110. Nf5 Ba2 111. Nd6+ Kg6 112. Nb5 Kf7 113. Nc3 Bc4 114. Ne4 Kg6 115. Nc3 Kf7
116. Nb1 Be2 117. Nd2 Bd1 118. Ne4 Bb3 119. Ng5+ Kg6 120. Nf3 Kf7 121. Kd6 Bc2
122. Ne5+ Kxf6 123. Nc6 Bd3 124. Kd5 Bb5 125. Ne5 Kf5 126. Nf7 Ba4 127. Nd6+
Kf4 128. Kd4 Bc6 129. Nc4 Ba4 130. Ne5 Bb5 131. Nf7 Bd7 132. Nd8 Kf5 133. Kd5
Ba4 134. Nb7 Bb3+ 135. Kd4 Bd1 136. Nc5 Be2 137. Ne4 Bd1 138. Nd6+ Ke6 139. Kc5
Bb3 140. Ne4 Ke5 141. Nc3 Be6 142. Kb4 Bd7 143. Kc4 Bg4 144. Kb4 Bd7 145. Kc5
Be6 146. Ne2 Bd5 147. Nd4 Be4 148. Nc6+ Bxc6 149. Kxc6 Kd4 150. Kb6 Kd5 151.
Kxa6 Kc6 152. Ka7 Kc7 153. a6 Kc8 154. Kb6 Kb8 155. Kc5 Kc8 156. Kc6 Kb8 157.
Kb6 Ka8 158. Kb5 Kb8 159. Kb4 Kc8 160. Ka5 Kb8 161. Ka4 Kc8 162. Kb5 Kb8 163.
Kc4 Kc8 164. a7 Kb7 165. a8=Q+ Kxa8 {
Game drawn because neither player has mating material} 1/2-1/2

[Event "ICS rated blitz match"]
[Site "204.178.125.65"]
[Date "2001.09.20"]
[Round "?"]
[White "Hossa"]
[Black "ChesterX"]
[Result "0-1"]
[WhiteElo "2617"]
[BlackElo "2752"]
[PlyCount "98"]
[EventDate "2001.??.??"]

1. d4 d5 2. c4 e6 3. Nc3 c6 4. Nf3 Nf6 5. Bg5 h6 6. Bxf6 Qxf6 7. e3 Nd7 8. Bd3
dxc4 9. Bxc4 g6 10. Qe2 Bg7 11. Bd3 O-O 12. g4 c5 13. O-O-O cxd4 14. Nxd4 e5
15. Ndb5 Nc5 16. Nc7 Nxd3+ 17. Rxd3 Qc6 18. N7d5 Re8 19. e4 b6 20. Rdd1 Be6 21.
Kb1 a5 22. Rhg1 Rac8 23. h4 Qb7 24. Rd2 Red8 25. Rgd1 Rd7 26. f3 Kh8 27. Qb5
Rd6 28. Qf1 Rdc6 29. Nb5 Kg8 30. Qg1 Kh7 31. Qg3 Qa6 32. Ndc3 a4 33. Nd6 Rd8
34. Ncb5 a3 35. h5 Bxa2+ 36. Kxa2 axb2+ 37. Na3 Ra8 38. f4 exf4 39. Qd3 Qxd3
40. Rxd3 Rc1 41. Kb3 Rxa3+ 42. Kxa3 b1=Q 43. R1d2 Bc3 44. Rd4 Bb4+ 45. Ka4 Qa1+
46. Kxb4 Qc3+ 47. Ka4 Ra1+ 48. Ra2 Rxa2+ 49. Kb5 Qc5# {Hossa checkmated} 0-1

[Event "ICS rated blitz match"]
[Site "204.178.125.65"]
[Date "2001.09.20"]
[Round "?"]
[White "QueenMaxima"]
[Black "Hossa"]
[Result "0-1"]
[WhiteElo "2488"]
[BlackElo "2607"]
[PlyCount "166"]
[EventDate "2001.??.??"]

1. c4 f5 2. g3 e5 3. Bh3 d6 4. Qc2 Nc6 5. Nf3 e4 6. Nh4 Nge7 7. d3 exd3 8. Qxd3
g6 9. Qc3 Rg8 10. Bg5 Bg7 11. Qb3 Nd4 12. Qd3 Ne6 13. Bxe7 Qxe7 14. Nc3 Nc5 15.
Qd2 Qf7 16. Bg2 Be6 17. b3 O-O-O 18. O-O g5 19. Nf3 h5 20. Rad1 Bxc3 21. Qxc3
h4 22. gxh4 gxh4 23. h3 f4 24. Kh2 Qh5 25. Qf6 Rdf8 26. Qxh4 Qg6 27. Rg1 Rh8
28. Qe7 Rf7 29. Qg5 Qh7 30. b4 Ne4 31. Qh4 Qg8 32. Rd4 Rxh4 33. Rxe4 Rh6 34. h4
Qh7 35. Rxe6 Rxe6 36. Bh3 Rff6 37. Rg4 Kd8 38. Ng5 Qh8 39. Nxe6+ Rxe6 40. Bf1
Rh6 41. Kh3 Qc3+ 42. Kg2 Qxc4 43. a3 Qc1 44. Rg8+ Ke7 45. Rg4 Qxa3 46. Rxf4
Rg6+ 47. Kh2 d5 48. Bg2 Qb2 49. e3 Rf6 50. Bxd5 Rxf4 51. exf4 Qxf2+ 52. Kh3 c6
53. Bg2 Qxf4 54. b5 Qf5+ 55. Kg3 Qxb5 56. Be4 Qe5+ 57. Kf3 a6 58. Ke3 Qg3+ 59.
Ke2 Qxh4 60. Kd3 Kd6 61. Bf3 b6 62. Be4 Ke5 63. Bf3 Qd4+ 64. Ke2 Kf4 65. Bxc6
Qc4+ 66. Kd2 Qxc6 67. Kd3 Qc2+ 68. Kxc2 Ke5 69. Kc3 Kd5 70. Kb4 b5 71. Kc3 a5
72. Kc2 Kc4 73. Kd1 a4 74. Kc1 b4 75. Kb1 a3 76. Ka2 Kc3 77. Kb1 b3 78. Kc1 b2+
79. Kd1 b1=Q+ 80. Ke2 Qf5 81. Ke3 a2 82. Ke2 a1=Q 83. Ke3 Qe1# {
QueenMaxima checkmated} 0-1

[Event "ICS Rated blitz match"]
[Site "204.178.125.65"]
[Date "2001.09.20"]
[Round "?"]
[White "Hossa"]
[Black "Interceptor"]
[Result "0-1"]
[WhiteElo "2618"]
[BlackElo "2890"]
[PlyCount "104"]
[EventDate "2001.??.??"]

1. d4 Nf6 2. c4 e6 3. Nf3 b6 4. Nc3 Bb4 5. Qc2 Bb7 6. Bg5 h6 7. Bxf6 Qxf6 8.
O-O-O O-O 9. h4 c5 10. d5 Bxc3 11. Qxc3 Qf5 12. Qc2 Qxc2+ 13. Kxc2 exd5 14.
cxd5 Na6 15. e4 Rae8 16. Bxa6 Bxa6 17. Rhe1 Re7 18. e5 Rfe8 19. Re3 Bb7 20. Ra3
Ra8 21. Rb3 f6 22. Re3 fxe5 23. Rxe5 Rae8 24. Rxe7 Rxe7 25. Rd2 Kf7 26. Kc3 Re4
27. h5 Ke7 28. b3 Kd6 29. g3 Bxd5 30. Nh4 Re5 31. g4 Kc6 32. Ng6 Re1 33. f4 d6
34. Rf2 Be4 35. f5 Rg1 36. Rf4 d5 37. Kb2 Kb5 38. a3 Rg2+ 39. Kc1 Rg3 40. Kb2
Re3 41. Nf8 c4 42. bxc4+ dxc4 43. Kc1 c3 44. Rxe4 Rxe4 45. Nd7 Kc4 46. Kc2 Re2+
47. Kc1 Kb3 48. Kd1 Rh2 49. Ne5 c2+ 50. Kc1 Kc3 51. Nf3 Rh1+ 52. Ng1 Rxg1# {
Hossa checkmated} 0-1

[Event "ICS rated bullet match"]
[Site "204.178.125.65"]
[Date "2001.09.20"]
[Round "?"]
[White "Hossa"]
[Black "ChesterX"]
[Result "0-1"]
[WhiteElo "2383"]
[BlackElo "2556"]
[PlyCount "64"]
[EventDate "2001.??.??"]

1. a3 d5 2. Nf3 Nf6 3. e3 e6 4. Be2 Bd6 5. Nc3 e5 6. Nb5 e4 7. Nxd6+ Qxd6 8.
Nd4 Bd7 9. O-O O-O 10. d3 c5 11. Nb3 exd3 12. cxd3 Ba4 13. Qc2 Qb6 14. Bd1 c4
15. dxc4 dxc4 16. Qxc4 Bb5 17. Qh4 Bxf1 18. Kxf1 Rd8 19. Bd2 Nc6 20. a4 Rd3 21.
Ra3 Rad8 22. Ke1 Rxd2 23. Nxd2 Qxb2 24. Rd3 Rxd3 25. Nb3 Qb1 26. Nd2 Qc1 27. g3
Rxd2 28. Kf1 Rxd1+ 29. Kg2 Rg1+ 30. Kf3 Ne5+ 31. Kf4 Ng6+ 32. Kg5 Qc5# {
Hossa checkmated} 0-1

[Event "ICS Rated standard match"]
[Site "204.178.125.65"]
[Date "2001.09.20"]
[Round "?"]
[White "Hossa"]
[Black "agro"]
[Result "1-0"]
[WhiteElo "2357"]
[BlackElo "2383"]
[PlyCount "95"]
[EventDate "2001.??.??"]

1. c4 Nf6 2. Nc3 g6 3. g3 Bg7 4. Nf3 d6 5. Bg2 O-O 6. O-O e5 7. d4 Nbd7 8. dxe5
dxe5 9. Qc2 c6 10. Rd1 Qe7 11. Ng5 a5 12. Nge4 Nc5 13. Bg5 Ncxe4 14. Nxe4 Bf5
15. Rd3 Rfd8 16. Rad1 Bxe4 17. Bxe4 h6 18. Bxf6 Bxf6 19. c5 Rxd3 20. Rxd3 Rd8
21. Rxd8+ Qxd8 22. Qb3 Qd7 23. Bxg6 Qd5 24. Qxd5 cxd5 25. Bf5 Be7 26. Bc8 Bxc5
27. Bxb7 d4 28. Kg2 Kg7 29. g4 h5 30. gxh5 Kh6 31. Bd5 f5 32. Be6 Kg5 33. h6
Be7 34. h7 Bf6 35. h4+ Kg6 36. Kf3 Bg7 37. h5+ Kf6 38. Bd7 e4+ 39. Kf4 Bh6+ 40.
Kg3 Bg7 41. h6 Bh8 42. Kf4 d3 43. exd3 exd3 44. Bxf5 d2 45. Bc2 Ke6 46. b3 Kd5
47. Ke3 Ke5 48. f4+ {agro resigns} 1-0

[Event "ICS Rated standard match"]
[Site "204.178.125.65"]
[Date "2001.09.20"]
[Round "?"]
[White "Hossa"]
[Black "agro"]
[Result "1-0"]
[WhiteElo "2390"]
[BlackElo "2350"]
[PlyCount "87"]
[EventDate "2001.??.??"]

1. e4 e5 2. Bc4 f5 3. Nc3 Nf6 4. d3 Bb4 5. f4 d6 6. fxe5 dxe5 7. exf5 Bxf5 8.
Qf3 Qc8 9. Qg3 Qd7 10. Qxe5+ Kd8 11. Nge2 Re8 12. Qb5 Bxc3+ 13. bxc3 c6 14. Qb3
Bg4 15. O-O Bxe2 16. Rf4 Kc8 17. Rd4 Qf5 18. Rf4 Qc5+ 19. Kh1 Nbd7 20. Bf7 Re7
21. Ba3 Qe3 22. Rf5 Re5 23. Rxe5 Qxe5 24. Rb1 b5 25. Be6 Bg4 26. Bf7 Kc7 27. c4
a6 28. Bb2 Qf4 29. Qa3 a5 30. cxb5 cxb5 31. Bc3 Kc6 32. Qb3 Rb8 33. Bxa5 Qe5
34. h3 Bf5 35. Re1 Qg3 36. Qc3+ Kb7 37. Rb1 Ka7 38. Bc7 Qe3 39. Qa3+ Kb7 40.
Bxb8 Nxb8 41. Rxb5+ Kc8 42. Qc3+ Kd7 43. Rb7+ Kd6 44. Qc7# {agro checkmated}
1-0

[Event "ICS Rated blitz match"]
[Site "204.178.125.65"]
[Date "2001.09.20"]
[Round "?"]
[White "IgorIvanov"]
[Black "Hossa"]
[Result "0-1"]
[WhiteElo "2468"]
[BlackElo "2612"]
[PlyCount "92"]
[EventDate "2001.??.??"]

1. d4 Nf6 2. c4 g6 3. Nc3 Bg7 4. e4 d6 5. f3 O-O 6. Be3 Nc6 7. Nge2 Nd7 8. Qd2
Nb6 9. b3 f5 10. Bh6 fxe4 11. Bxg7 Kxg7 12. Nxe4 e6 13. h4 d5 14. Nc5 dxc4 15.
h5 g5 16. bxc4 Nxc4 17. Qc3 Qd5 18. h6+ Kh8 19. Rh5 Nd6 20. Ng3 Nxd4 21. O-O-O
e5 22. Rxg5 Nf7 23. Rh5 Rd8 24. Kb2 Qc6 25. Nce4 Qa4 26. Bc4 Qxd1 27. Bxf7 Qg1
28. Rxe5 Qxg2+ 29. Nd2 Be6 30. Ne2 Bxf7 31. Nxd4 Kg8 32. f4 Rd5 33. N4f3 Rxe5
34. Nxe5 Rd8 35. Kc1 Bxa2 36. f5 Qh1+ 37. Kc2 Qxh6 38. Ng4 Qxd2+ 39. Qxd2 Rxd2+
40. Kxd2 Kg7 41. Ke3 h5 42. Ne5 h4 43. Kf4 h3 44. Ng4 Bb1 45. f6+ Kf7 46. Kg5
a5 {IgorIvanov resigns} 0-1

[Event "ICS Rated blitz match"]
[Site "204.178.125.65"]
[Date "2001.09.20"]
[Round "?"]
[White "Hossa"]
[Black "IgorIvanov"]
[Result "1-0"]
[WhiteElo "2622"]
[BlackElo "2458"]
[PlyCount "59"]
[EventDate "2001.??.??"]

1. d4 Nf6 2. c4 g6 3. g3 Bg7 4. Bg2 O-O 5. Nc3 c6 6. e4 d5 7. e5 Ne4 8. Nxe4
dxe4 9. Bxe4 c5 10. dxc5 Qa5+ 11. Bd2 Qxc5 12. f4 Rd8 13. Qc2 Nc6 14. Nf3 Bg4
15. Qc3 Nd4 16. Nxd4 Rxd4 17. Bxb7 Rad8 18. Be3 f6 19. Bxd4 Rxd4 20. Bd5+ Rxd5
21. cxd5 Qxd5 22. Qb3 Be6 23. Qb8+ Kf7 24. O-O Qd4+ 25. Rf2 Bd5 26. Re1 Bf8 27.
Qd8 e6 28. Qd7+ Be7 29. exf6 Kxf6 30. Rxe6+ {IgorIvanov resigns} 1-0

[Event "ICS Rated blitz match"]
[Site "204.178.125.65"]
[Date "2001.09.20"]
[Round "?"]
[White "Goteborg"]
[Black "Hossa"]
[Result "1-0"]
[WhiteElo "2761"]
[BlackElo "2631"]
[PlyCount "106"]
[EventDate "2001.??.??"]

1. e4 e5 2. Nf3 Nc6 3. Bc4 Be7 4. d4 d6 5. dxe5 dxe5 6. Qxd8+ Bxd8 7. Nc3 Bg4
8. Bb5 Bf6 9. Bxc6+ bxc6 10. Be3 Ne7 11. O-O-O Ng6 12. h3 Bxf3 13. gxf3 Nh4 14.
f4 exf4 15. Bxf4 Bxc3 16. bxc3 f5 17. exf5 O-O 18. Bxc7 Rf7 19. Bg3 Nxf5 20.
Rhe1 Rb7 21. Re6 Rc8 22. a4 g6 23. Be5 Rf7 24. Re1 Rd7 25. c4 Rb7 26. a5 Rb4
27. Re4 Rb7 28. f3 Rd7 29. a6 Kf7 30. Rf6+ Kg8 31. h4 Rf7 32. Re6 Rd7 33. Kb2
Rd1 34. h5 Rg1 35. Rg4 Rxg4 36. fxg4 Ne3 37. hxg6 Nxc4+ 38. Kc3 Nxe5 39. gxh7+
Kxh7 40. Rxe5 Kg6 41. Re7 Ra8 42. Kc4 Kf6 43. Rc7 Rg8 44. Rxa7 Rxg4+ 45. Kc5
Ke6 46. Ra8 Ra4 47. a7 Kd7 48. Rh8 Ra2 49. a8=Q Rxc2+ 50. Kd4 Rd2+ 51. Ke3 Rb2
52. Qd8+ Ke6 53. Rh6+ Kf7 {Hossa resigns} 1-0

[Event "ICS Rated blitz match"]
[Site "204.178.125.65"]
[Date "2001.09.20"]
[Round "?"]
[White "Hossa"]
[Black "Goteborg"]
[Result "0-1"]
[WhiteElo "2621"]
[BlackElo "2771"]
[PlyCount "84"]
[EventDate "2001.??.??"]

1. d4 Nf6 2. c4 c5 3. d5 b5 4. cxb5 a6 5. bxa6 g6 6. Nc3 Bxa6 7. e4 Bxf1 8.
Kxf1 d6 9. g3 Bg7 10. Kg2 O-O 11. Nf3 Nbd7 12. Rf1 Nb6 13. Kh1 Qd7 14. Re1 Na4
15. Nxa4 Rxa4 16. Qc2 Rfa8 17. a3 e6 18. dxe6 Qxe6 19. Ng5 Qe7 20. b3 R4a5 21.
Bb2 c4 22. f4 cxb3 23. Qxb3 h6 24. Bc3 hxg5 25. Bxa5 Rxa5 26. Qb4 Rc5 27. Rad1
gxf4 28. gxf4 Ng4 29. Re2 Qf6 30. e5 Nxe5 31. a4 Nc6 32. Re8+ Kh7 33. Qd2 Nd4
34. Qf2 Rc2 35. Qg3 Ra2 36. Ra8 Qf5 37. Qh4+ Bh6 38. Rh8+ Kxh8 39. Qxh6+ Kg8
40. Rd2 Rxd2 41. Qg5 Qe4+ 42. Kg1 Qb1# {Hossa checkmated} 0-1

[Event "ICS Rated blitz match"]
[Site "204.178.125.65"]
[Date "2001.09.20"]
[Round "?"]
[White "Hossa"]
[Black "IgorIvanov"]
[Result "0-1"]
[WhiteElo "2612"]
[BlackElo "2432"]
[PlyCount "137"]
[EventDate "2001.??.??"]

1. d4 Nf6 2. Bg5 g6 3. Bxf6 exf6 4. c4 f5 5. e3 Bg7 6. Nf3 O-O 7. Nc3 c5 8. Be2
d6 9. O-O Nc6 10. Qd2 f4 11. Nd5 fxe3 12. fxe3 cxd4 13. Nxd4 Nxd4 14. exd4 Be6
15. Bf3 Rc8 16. b3 h5 17. Qf4 b6 18. Rae1 Kh7 19. Re2 Bxd5 20. Bxd5 Rc7 21. a3
Re7 22. Rxe7 Qxe7 23. Bxf7 Bh6 24. Bxg6+ Kxg6 25. Qg3+ Kh7 26. Re1 Qf6 27. d5
Qg6 28. Qh3 Bg7 29. Qe3 Be5 30. Kh1 Qf5 31. Qe2 Kg6 32. Rg1 Qf4 33. g3 Qf3+ 34.
Qxf3 Rxf3 35. Rb1 Rf2 36. Rd1 Kf5 37. Kg1 Ra2 38. a4 Kg4 39. b4 Kh3 40. c5 bxc5
41. bxc5 dxc5 42. d6 Rg2+ 43. Kf1 Rxh2 44. Rd5 Bxg3 45. d7 Bc7 46. Rxc5 Bb6 47.
a5 Bd8 48. Rxh5+ Kg3 49. Rxh2 Kxh2 50. a6 Kg3 51. Ke2 Kf4 52. Kd3 Ke5 53. Kc4
Kd6 54. Kd4 Kc6 55. Ke4 Kb6 56. Kd5 Kxa6 57. Kc6 Be7 58. Kc7 Kb5 59. Kb7 a5 60.
Kc7 a4 61. Kc8 a3 62. d8=N Bxd8 63. Kxd8 a2 64. Ke7 a1=Q 65. Ke6 Qe1+ 66. Kf6
Kc5 67. Kg6 Qf2 68. Kh6 Qg3 69. Kh7 {Hossa resigns} 0-1

[Event "ICS rated blitz match"]
[Site "204.178.125.65"]
[Date "2001.09.20"]
[Round "?"]
[White "Kasha"]
[Black "Hossa"]
[Result "0-1"]
[WhiteElo "2189"]
[BlackElo "2588"]
[PlyCount "96"]
[EventDate "2001.??.??"]

1. c3 d5 2. d4 Nc6 3. g3 e5 4. Bg2 exd4 5. cxd4 Bb4+ 6. Bd2 Nf6 7. e3 O-O 8.
Nf3 Bf5 9. O-O Bd3 10. Re1 Ne4 11. Bxb4 Nxb4 12. Nc3 Bc2 13. Qc1 Nxf2 14. Bf1
Ng4 15. a3 Be4 16. Nxe4 dxe4 17. Nd2 Nd3 18. Bxd3 exd3 19. Qc3 Qf6 20. Rf1 Qh6
21. Nf3 Qxe3+ 22. Kg2 Qe4 23. Rae1 Ne3+ 24. Rxe3 Qxe3 25. Re1 Qh6 26. Qxd3 Qc6
27. Qc3 Qxc3 28. bxc3 Rfe8 29. Re5 f6 30. Rxe8+ Rxe8 31. Kf2 Re6 32. Nd2 Ra6
33. Nc4 Ra4 34. Ne3 Rxa3 35. Nd5 c6 36. Ne3 Rxc3 37. h3 a5 38. h4 a4 39. Nd1
Rc1 40. Ne3 a3 41. Kf3 a2 42. Kg4 a1=Q 43. Nf5 Rf1 44. Ne3 Qxd4+ 45. Kh3 Qxe3
46. h5 Rh1+ 47. Kg2 Rg1+ 48. Kh3 Qxg3# {Kasha checkmated} 0-1

[Event "ICS Rated blitz match"]
[Site "204.178.125.65"]
[Date "2001.09.20"]
[Round "?"]
[White "PostModernist"]
[Black "Hossa"]
[Result "1/2-1/2"]
[WhiteElo "2712"]
[BlackElo "2594"]
[PlyCount "267"]
[EventDate "2001.??.??"]

1. c4 e5 2. g3 Nf6 3. Nc3 Bb4 4. Nf3 e4 5. Nd4 Nc6 6. Nc2 Bxc3 7. dxc3 Ne5 8.
Qd4 d6 9. Bg5 Nc6 10. Qe3 O-O 11. Qf4 h6 12. Bxf6 Qxf6 13. Qxf6 gxf6 14. Ne3
Be6 15. g4 Ne5 16. Bg2 Nxc4 17. Nxc4 Bxc4 18. Bxe4 Rfe8 19. Bf3 Re5 20. Kd1 Bd5
21. Bxd5 Rxd5+ 22. Kc2 Re8 23. Rae1 Ra5 24. a3 f5 25. h3 fxg4 26. hxg4 Kg7 27.
e3 Rg5 28. Reg1 Re4 29. f4 Rg6 30. Kd2 d5 31. Rh5 c6 32. Kd3 a5 33. b4 axb4 34.
cxb4 Rge6 35. Rg3 f6 36. Rh2 Re8 37. Rc2 Ra8 38. Rc3 d4 39. Rb3 Rae8 40. f5
dxe3 41. Ke2 R4e7 42. Rbxe3 b5 43. Rxe7+ Rxe7+ 44. Kf3 Re5 45. Kf4 Rd5 46. Rc3
Rd4+ 47. Kf3 Rd6 48. Ke3 Kf8 49. Rc1 Kf7 50. Rh1 Kg7 51. Ke4 Rd8 52. Rc1 Rd6
53. Rc2 Kf7 54. Rc5 Kg7 55. Rc1 Kf7 56. Rh1 Kg7 57. Rh2 Rd7 58. Rc2 Rd6 59. Rc3
Kf7 60. Rh3 Kg7 61. Rb3 Rd1 62. Rc3 Rd6 63. Re3 Rd2 64. Kf3 Rd7 65. Kg3 Kf7 66.
Rc3 Rd6 67. Kf4 Rd4+ 68. Kf3 Rd6 69. Kg2 Ke7 70. Kf2 Rd2+ 71. Ke3 Rd6 72. Rc2
Kf7 73. Rh2 Kg7 74. Rh1 Rd8 75. Rc1 Rd6 76. Re1 Kg8 77. Re2 Rd5 78. Rc2 Rd6 79.
Ra2 Kg7 80. a4 bxa4 81. Rxa4 Rd7 82. Ra6 Rb7 83. Rxc6 Rxb4 84. Rc7+ Kg8 85. Kf3
Rb8 86. Ra7 Rf8 87. Kf4 Rf7 88. Ra6 Kg7 89. Rd6 Ra7 90. Kg3 Ra3+ 91. Kh4 Ra7
92. Rd3 Kf8 93. Kh5 Kg7 94. Rd8 Rb7 95. Rd6 Re7 96. Re6 Ra7 97. Re4 Rd7 98. Ra4
Re7 99. Rb4 Rc7 100. Kh4 Kf7 101. Rb6 Rd7 102. Rb3 Kg7 103. Rb8 Kf7 104. Kh5
Kg7 105. Re8 Rc7 106. Ra8 Re7 107. Rc8 Rf7 108. Rc6 Ra7 109. Kh4 Kf7 110. Rc8
Kg7 111. Rd8 Kf7 112. Rd5 Rc7 113. Rd1 Ra7 114. Rd2 Kf8 115. Rd4 Kg7 116. Kh5
Re7 117. Rd5 Rc7 118. Rd2 Ra7 119. Rd3 Rf7 120. Rb3 Re7 121. Rb6 Rc7 122. Kh4
Rd7 123. Rc6 Ra7 124. Rc1 Kf7 125. Kh5 Kg7 126. Rc6 Re7 127. Ra6 Rd7 128. Ra3
Re7 129. Ra5 Rc7 130. Rb5 Rd7 131. Rb1 Re7 132. Rd1 Rc7 133. Re1 Rd7 134. Rb1 {
Game drawn by the 50 move rule} 1/2-1/2

[Event "ICS rated blitz match"]
[Site "204.178.125.65"]
[Date "2001.09.20"]
[Round "?"]
[White "IgorIvanov"]
[Black "Hossa"]
[Result "0-1"]
[WhiteElo "2435"]
[BlackElo "2599"]
[PlyCount "72"]
[EventDate "2001.??.??"]

1. d4 Nf6 2. c4 e6 3. Nf3 b6 4. Nc3 Bb7 5. Bg5 Bb4 6. e3 h6 7. Bh4 g5 8. Bg3
Ne4 9. Qc2 h5 10. Nd2 Nxg3 11. hxg3 Qf6 12. a3 Bxc3 13. Qxc3 Na6 14. b4 c5 15.
bxc5 bxc5 16. Rb1 Rb8 17. f3 Rh6 18. Kf2 h4 19. g4 Qe7 20. Bd3 Qd6 21. Rb5 Qg3+
22. Kf1 h3 23. Rxh3 Rxh3 24. gxh3 Bxf3 25. dxc5 Qxh3+ 26. Kf2 Qg2+ 27. Ke1 Qg3+
28. Kf1 Bg2+ 29. Ke2 Qxg4+ 30. Kf2 Bb7 31. Qe5 Qh4+ 32. Ke2 Qh5+ 33. Ke1 Rc8
34. Be4 Rxc5 35. Rxc5 Nxc5 36. Qb8+ Ke7 {IgorIvanov resigns} 0-1

[Event "ICS rated blitz match"]
[Site "204.178.125.65"]
[Date "2001.09.20"]
[Round "?"]
[White "IgorIvanov"]
[Black "Hossa"]
[Result "0-1"]
[WhiteElo "2438"]
[BlackElo "2584"]
[PlyCount "56"]
[EventDate "2001.??.??"]

1. d4 Nf6 2. c4 e6 3. Nf3 b6 4. Nc3 Bb7 5. Bg5 Bb4 6. e3 h6 7. Bh4 g5 8. Bg3
Ne4 9. Qc2 h5 10. Bd3 Nxg3 11. hxg3 c5 12. a3 Bxc3+ 13. Qxc3 Qf6 14. dxc5 Qxc3+
15. bxc3 g4 16. Ne5 Bxg2 17. Rh2 Nc6 18. Nxg4 Bf3 19. Nf6+ Ke7 20. Be4 Ne5 21.
Bxa8 Kxf6 22. Bxf3 Nxf3+ 23. Ke2 Nxh2 24. cxb6 axb6 25. f3 h4 26. g4 Ra8 27. a4
e5 28. Kf2 e4 {IgorIvanov resigns} 0-1

[Event "ICS rated blitz match"]
[Site "204.178.125.65"]
[Date "2001.09.20"]
[Round "?"]
[White "Hossa"]
[Black "IgorIvanov"]
[Result "1-0"]
[WhiteElo "2594"]
[BlackElo "2425"]
[PlyCount "135"]
[EventDate "2001.??.??"]

1. c4 Nf6 2. Nc3 g6 3. e4 Bg7 4. d4 O-O 5. Bd3 Nc6 6. Nge2 e5 7. d5 Nb4 8. Bb1
c5 9. a3 Na6 10. d6 b6 11. O-O Bb7 12. Bg5 h6 13. Bh4 Nb8 14. Nb5 Nc6 15. Nc7
Rc8 16. Bd3 g5 17. Bg3 Ne8 18. Nxe8 Rxe8 19. b4 cxb4 20. axb4 a5 21. bxa5 Nxa5
22. Ra4 Ba6 23. c5 Bxd3 24. Qxd3 Rxc5 25. Nc3 Nc6 26. Rfa1 Qb8 27. Nb5 Nd4 28.
Nc7 Rc8 29. f3 Qb7 30. Qf1 b5 31. Ra7 Qc6 32. R7a6 Rxc7 33. Be1 Qxa6 34. Rxa6
R7c6 35. Ra7 Rc1 36. Rxd7 Bf8 37. h4 Rxd6 38. Ra7 Rb6 39. Ra8 b4 40. Kf2 b3 41.
Rxf8+ Kxf8 42. Bb4+ Rxb4 43. Qxc1 Rb5 44. Qc8+ Kg7 45. hxg5 hxg5 46. Qd8 Ne6
47. Qd7 Rc5 48. Kg3 Kf6 49. Qa4 Rc3 50. Qb4 Rd3 51. Qc4 Nf4 52. Qa6+ Kg7 53.
Qa5 Kf6 54. Kg4 Ne6 55. Qb4 Re3 56. Qd2 b2 57. Qxb2 Rd3 58. Qc1 Rd4 59. Qh1 Rd7
60. Qh8+ Ke7 61. Qxe5 Rc7 62. Qh8 Rc5 63. g3 Rb5 64. f4 gxf4 65. gxf4 Rc5 66.
f5 Nf8 67. e5 Nd7 68. f6+ {IgorIvanov resigns} 1-0

[Event "ICS rated standard match"]
[Site "204.178.125.65"]
[Date "2001.09.20"]
[Round "?"]
[White "Hossa"]
[Black "Yace"]
[Result "0-1"]
[WhiteElo "2417"]
[BlackElo "2625"]
[PlyCount "97"]
[EventDate "2001.??.??"]

1. d4 Nf6 2. c4 c5 3. d5 b5 4. cxb5 a6 5. e3 g6 6. Nc3 Bg7 7. Nf3 O-O 8. bxa6
Qa5 9. a7 Rxa7 10. Bd2 Qb6 11. Bc4 Ba6 12. b3 e6 13. dxe6 Bxc4 14. e7 Re8 15.
bxc4 Qe6 16. Rb1 Nc6 17. Nb5 Rb7 18. O-O Ne4 19. Qe2 d5 20. Nbd4 Nxd4 21. Nxd4
Qxe7 22. Nf3 Ra7 23. cxd5 Rxa2 24. Rbc1 Rea8 25. Rfe1 Qd7 26. Qd3 Nxd2 27. Nxd2
R8a3 28. Nb3 Qa4 29. Rxc5 Rxb3 30. Qd1 Bc3 31. Rxc3 Rxc3 32. Qxa4 Rxa4 33. h4
Rc2 34. e4 Raa2 35. Rf1 Re2 36. Kh2 Rxe4 37. Kh3 Ree2 38. Kg3 Red2 39. Kf3 Rxd5
40. Kg3 Rdd2 41. h5 gxh5 42. Kf3 h4 43. g4 h3 44. Kg3 Rxf2 45. Rxf2 Rxf2 46.
Kxf2 h2 47. Kf3 h1=Q+ 48. Kf4 f5 49. gxf5 {Hossa resigns} 0-1

[Event "ICS rated blitz match"]
[Site "204.178.125.65"]
[Date "2001.09.20"]
[Round "?"]
[White "IgorIvanov"]
[Black "Hossa"]
[Result "0-1"]
[WhiteElo "2399"]
[BlackElo "2603"]
[PlyCount "78"]
[EventDate "2001.??.??"]

1. d4 Nf6 2. c4 c5 3. d5 b5 4. cxb5 a6 5. bxa6 g6 6. Nc3 Bxa6 7. e4 Bxf1 8.
Kxf1 d6 9. g4 Bg7 10. g5 Nh5 11. Nge2 e5 12. dxe6 fxe6 13. Ng3 Bxc3 14. Nxh5
Bd4 15. Nf6+ Ke7 16. Be3 Bxe3 17. fxe3 Nc6 18. Kg2 h6 19. Rf1 hxg5 20. Qg4 Qa5
21. Rf2 c4 22. Rd1 Ne5 23. Qxg5 Rxh2+ 24. Kg3 Rxf2 25. Ng4+ Ke8 26. Nxe5 Qxe5+
27. Qxe5 dxe5 28. Kxf2 Rxa2 29. Kf3 Rxb2 30. Rd6 Ke7 31. Rc6 Rc2 32. Rc5 Kf6
33. Rc7 c3 34. Kg3 Rc1 35. Kg2 g5 36. Kh2 c2 37. Kg2 g4 38. Kh2 Re1 39. Rxc2
Rxe3 {IgorIvanov resigns} 0-1